The Portable Jung (Record no. 32951)
[ view plain ]
| 000 -LEADER | |
|---|---|
| fixed length control field | 00587nam a2200241Ia 4500 |
| 003 - CONTROL NUMBER IDENTIFIER | |
| control field | 0100 |
| 008 - FIXED-LENGTH DATA ELEMENTS--GENERAL INFORMATION | |
| fixed length control field | 130303s9999 xx 000 0 und d |
| 020 ## - INTERNATIONAL STANDARD BOOK NUMBER | |
| International Standard Book Number | 0670010707 |
| 040 ## - CATALOGING SOURCE | |
| Transcribing agency | ARRUPELIB |
| 050 ## - LIBRARY OF CONGRESS CALL NUMBER | |
| Classification number | BF173.J6623 1971C. 1 |
| 300 ## - PHYSICAL DESCRIPTION | |
| Other physical details | 659p. 20cm. |
| 100 ## - MAIN ENTRY--PERSONAL NAME | |
| Personal name | Jung, Carl |
| 245 #4 - TITLE STATEMENT | |
| Title | The Portable Jung |
| 260 ## - PUBLICATION, DISTRIBUTION, ETC. (IMPRINT) | |
| Place of publication, distribution, etc | New York |
| 260 ## - PUBLICATION, DISTRIBUTION, ETC. (IMPRINT) | |
| Name of publisher, distributor, etc | Viking Press |
| 260 ## - PUBLICATION, DISTRIBUTION, ETC. (IMPRINT) | |
| -- | 1971 |
| 300 ## - PHYSICAL DESCRIPTION | |
| Extent | xlii |
| 650 ## - SUBJECT ADDED ENTRY--TOPICAL TERM | |
| Topical term or geographic name as entry element | PSYCHOLOGY |
| 650 ## - SUBJECT ADDED ENTRY--TOPICAL TERM | |
| Topical term following geographic name as entry element | Psychology--History |
| 650 ## - SUBJECT ADDED ENTRY--TOPICAL TERM | |
| Location of event | Psychology--Methodology |
| 700 ## - ADDED ENTRY--PERSONAL NAME | |
| Personal name | Campbell, Joseph (ed.) ; Hull, R. F. C. (tr.) |
| 942 00 - ADDED ENTRY ELEMENTS (KOHA) | |
| Koha issues (borrowed), all copies | 2 |
| Withdrawn status | Lost status | Source of classification or shelving scheme | Damaged status | Not for loan | Collection code | Home library | Current library | Shelving location | Date acquired | Total Checkouts | Full call number | Barcode | Date last seen | Date checked out | Copy number | Price effective from | Koha item type |
|---|---|---|---|---|---|---|---|---|---|---|---|---|---|---|---|---|---|
| Library of Congress Classification | Main Collection | ARRUPE LIBRARY | ARRUPE LIBRARY | 04/03/2013 | 2 | BF173.J6623 1971C. 1 | 46003095911 | 13/09/2016 | 21/09/2015 | 1 | 04/03/2013 | Monograph ( Printed materials) | |||||
| Library of Congress Classification | Main Collection | ARRUPE LIBRARY | ARRUPE LIBRARY | 04/03/2013 | BF173.J6623 1971C. 2 | 46003097392 | 13/09/2016 | 2 | 04/03/2013 | Monograph ( Printed materials) | |||||||
| Library of Congress Classification | Main Collection | ARRUPE LIBRARY | ARRUPE LIBRARY | 04/03/2013 | 1 | BF173.J6623 1971C. 3 | 46003006592 | 11/10/2016 | 26/09/2016 | 3 | 04/03/2013 | Monograph ( Printed materials) | |||||
| Library of Congress Classification | Main Collection | ARRUPE LIBRARY | ARRUPE LIBRARY | 04/03/2013 | 1 | BF173.J6623 1971C. 4 | 46003003969 | 13/09/2016 | 10/10/2013 | 4 | 04/03/2013 | Monograph ( Printed materials) | |||||
| Library of Congress Classification | Main Collection | ARRUPE LIBRARY | ARRUPE LIBRARY | 04/03/2013 | 3 | BF173.J6623 1971C. 1 | 46003088265 | 03/10/2019 | 01/10/2019 | 5 | 04/03/2013 | Monograph ( Printed materials) |